• 首页
  • 本馆介绍
  • 公告通知
  • 最新文献
  • 馆藏检索
  • 电子资源
  • 读者导购
  • 参考咨询
  • 我的图书馆
  • 登录
  • 详细信息显示
  • 放入我的书架
  • 预约/预借图书
  • 作者相关作品
  • 分类相关作品
  • 丛书相关作品
  • 出版社相关作品

书目信息

  • 表格格式
  • 工作单格式
  • 卡片格式
题名:
工业酶
    
 
作者: 埃拉 , Aehle 主编 ;林章凛 , 李爽 译
分册:  
出版信息: 北京   化学工业出版社  2006
页数: 412页
开本: 25cm
丛书名: 工业生物技术译著系列
单 册:
中图分类: Q939.97
科图分类:
主题词: 酶--应用--工业技术
电子资源:
ISBN: 7-5025-8110-3
000 01302oam2 2200349 450
001 012004031462
005 20080225095246.29
009 012004031462
010    @a7-5025-8110-3@b精装@dCNY60.00
035    @a(110019)012006017759
100    @a20060411d2006 em y0chiy0110 ea
101 1  @achi@cdut
102    @aCN@b110000
105    @aa z 001yy
106    @ar
200 1  @a工业酶@Agong ye mei@e制备与应用@f(荷)沃尔夫冈·埃拉(Wolfgang Aehle)主编@g林章凛, 李爽译
210    @a北京@c化学工业出版社@d2006
215    @a412页@c图@d25cm
225 2  @a工业生物技术译著系列
300    @a国外优秀科技著作出版专项基金资助
305    @a由Wiley-VCH出版公司授权出版 据原书第2版译出
330    @a本书对酶在工业中的应用进行了论述,内容包括:大宗化学品的生产,如葡萄糖、果糖;食品工业和食品分析;洗衣店和自动洗碗机用洗涤剂;纺织品、造纸和动物饲料;精细化学品合成中涉及的催化剂;临床诊断和治疗;基因工程等。
461  0 @12001 @a工业生物技术译著系列
510 1  @aEnzymes in Industry@eProduction and Applications@zeng
606 0  @a酶@x应用@x工业技术
690    @aQ939.97@v4
701  1 @c(荷)@a埃拉@Aai la@bW.@4主编
701  1 @c(荷)@aAehle@bWolfgang@4主编
702  0 @a林章凛@Alin zhang lin@4译
702  0 @a李爽@Ali shuang@4译
801  0 @aCN@b110019@c20080225
905    @dQ939.97@e62@f4
    
    工业酶:制备与应用/(荷)沃尔夫冈·埃拉(Wolfgang Aehle)主编/林章凛, 李爽译.-北京:化学工业出版社,2006
    412页:图;25cm.-(工业生物技术译著系列)
    国外优秀科技著作出版专项基金资助
    
    ISBN 7-5025-8110-3(精装):CNY60.00
    本书对酶在工业中的应用进行了论述,内容包括:大宗化学品的生产,如葡萄糖、果糖;食品工业和食品分析;洗衣店和自动洗碗机用洗涤剂;纺织品、造纸和动物饲料;精细化学品合成中涉及的催化剂;临床诊断和治疗;基因工程等。
●
相关链接 在E读中查询图书 在五车中查询图书 在当当中查询图书 在豆瓣中查询图书


正题名:工业酶     索取号:Q939.97/62         预约/预借

序号 登录号 条形码 馆藏地/架位号 状态 备注
1 0614792   206147926   第二样本阅览室/ [索取号:Q939.97/62] 在馆    
2 0614793   206147935   第三借阅区/ [索取号:Q939.97/62] 在馆    
3 0614794   206147944   第三借阅区/ [索取号:Q939.97/62] 在馆    
4 0614795   206147953   第三借阅区/ [索取号:Q939.97/62] 在馆    
唐山师范学院图书馆 欢迎您!
大连网信软件有限公司© 版权所有